Minnesota Mr. Hockey Award Winners - Statistics

General Stats
  • This quiz has been taken 7 times
  • The average score is 3 of 41
Answer Stats
Year School Answer % Correct
2020 Hermantown Blake Biondi
43%
2025 Moorhead Mason Kraft
43%
2005 Moorhead Brian Lee
29%
2023 Warroad Jayson Shaugabay
29%
2010 Blaine Nick Bjugstad
29%
1996 Duluth East Dave Spehar
14%
2021 Grand Rapids Jack Peart
14%
2011 Eden Prairie Kyle Rau
14%
1988 Warroad Larry Olimb
14%
2022 Roseau Max Strand
14%
2016 Blaine Riley Tufte
14%
1997 Grand Rapids Aaron Miskovich
0%
2008 Roseau Aaron Ness
0%
2014 Grand Rapids Avery Peterson
0%
1992 White Bear Lake Brian Bonin
0%
2019 Blaine Bryce Brodzinski
0%
2017 Eden Prairie Casey Mittelstadt
0%
1991 Richfield Darby Hendrickson
0%
2006 Apple Valley David Fischer
0%
1995 St. Louis Park Erik Rasmussen
0%
1986 Bemidji George Pelawa
0%
2002 Greenway (Coleraine) Gino Guyer
0%
2013 Benilde-St. Margaret's Grant Besse
0%
2024 Minnetonka Hagen Burrows
0%
2015 Elk River Jake Jaremko
0%
1999 Hastings Jeff Taffe
0%
1990 Edison Joe Dziedzic
0%
1998 Red Wing Johnny Pohl
0%
2012 Lakeville South Justin Kloos
0%
1987 Greenway (Coleraine) Kris Miller
0%
2001 Roseville Marty Sertich
0%
1994 Bloomington Jefferson Mike Crowley
0%
2003 North St. Paul Nate Dey
0%
1993 Bloomington Jefferson Nick Checco
0%
2009 Eden Prairie Nick Leddy
0%
2000 Elk River Paul Martin
0%
2007 Cretin-Derham Hall Ryan McDonagh
0%
2018 Edina Sammy Walker
0%
1985 Southwest Tom Chorske
0%
2004 Centennial (Blaine) Tom Gorowsky
0%
1989 Osseo Trent Klatt
0%
No matching quizzes found
Score Distribution
Percent of People with Each Score
Percentile by Number Answered
Your Score History
You have not taken this quiz